VII Международный конгресс по маркшейдерскому делу: Ленинград, 28 июня-2 июля 1988

Dades bibliogràfiques
Autor corporatiu: Всесоюзный научно-исследовательский институт горной геомеханики и маркшейдерского дела, Маркшейдерское дело
Altres autors: Щадов М. И. Михаил Иванович (редактор)
Sumari:Загл. на доп.тит.л.: VII internationaler Kongress fuer Markscheidewesen.
Idioma:rus
Publicat: Москва, Недра, 1989
Matèries:
Format: Llibre
KOHA link:https://koha.lib.tpu.ru/cgi-bin/koha/opac-detail.pl?biblionumber=255673

MARC

LEADER 00000nam0a2200000 4500
001 255673
005 20231101233039.0
010 |a 524702172X 
020 |a RU  |b 89-69555 
035 |a (RuTPU)RU\TPU\book\278189 
090 |a 255673 
100 |a 20140331d1989 k a0rusy5003 ca 
101 0 |a rus 
102 |a RU 
105 |a y z 101zy 
200 1 |a VII Международный конгресс по маркшейдерскому делу  |e Ленинград, 28 июня-2 июля 1988  |f Всесоюзный научно-исследовательский институт горной геомеханики и маркшейдерского дела ; под ред. М. И. Щадова 
210 |a Москва  |c Недра  |d 1989 
215 |a 437 с.  |c ил. 
300 |a Загл. на доп.тит.л.: VII internationaler Kongress fuer Markscheidewesen. 
320 |a Библиогр. в конце докл. 
500 1 0 |a VII internationaler Kongress fuer Markscheidewesen 
606 1 |a Маркшейдерское дело  |2 stltpush  |3 (RuTPU)RU\TPU\subj\41067  |9 60885 
610 1 |a конгрессы 
610 1 |a Ленинград 
610 1 |a приборы 
610 1 |a оборудование 
675 |a 622.1(063)  |z rus 
702 1 |a Щадов  |b М. И.  |g Михаил Иванович  |4 340 
712 0 2 |a Всесоюзный научно-исследовательский институт горной геомеханики и маркшейдерского дела  |2 stltpush  |3 (RuTPU)RU\TPU\col\12156 
712 0 2 |a Маркшейдерское дело  |c конгресс  |d VII  |e Ленинград  |f 1988 
801 0 |a RU  |b RuMRKP  |c 19950417  |g psbo 
801 1 |a RU  |b 63413507  |c 20140331 
801 2 |a RU  |b 63413507  |c 20140704  |g RCR 
942 |c BK